000 00544nam a2200181Ia 4500
008 090124s9999 xx 000 0 und d
082 _b37397
100 _aपुंडलिक रमेश
245 _a पापाचे फळ
250 _a1
260 _bचंद्रमौळी प्रकाशन
_c1990
300 _a37
600 _aपुंडलिक रमेश
630 _a पापाचे फळ
700 _aपुंडलिक रमेश
730 _a पापाचे फळ
942 _cBOOK
999 _c103392
_d103392